[Event "Montigny Autumn-C 17th"]
[Site "Montigny le Bretonneux"]
[Date "2018.10.27"]
[Round "8"]
[White "Rafalimanana, Hary"]
[Black "Ben Hamouda, Catherine"]
[Result "1-0"]
[WhiteElo "1399"]
[BlackElo "1010"]
[PlyCount "65"]
[EventDate "2018.10.20"]
[EventType "tourn"]
[EventRounds "8"]
[EventCountry "FRA"]
[SourceTitle "EXT 2020"]
[Source "ChessBase"]
[SourceDate "2019.10.17"]
[SourceVersion "1"]
[SourceVersionDate "2019.10.17"]
[SourceQuality "1"]

1. e4 e5 2. Nf3 d6 3. Bc4 Be6 4. Be2 Nf6 5. Nc3 Nc6 6. Bb5 Bg4 7. 0-0 Be7 8. h3 Bh5 9. Nd5 Nxe4 10. Re1 f5 11. Bc4 Nd4 12. Be2 Ne6 13. d4 c6 14. Ne3 0-0 15. Nh2 Bxe2 16. Qxe2 Nf4 17. Qd1 Bh4 18. g3 Qg5 19. Nf3 Nxh3+ 20. Kh2 Bxg3+ 21. Kxh3 Nxf2+ 22. Kg2 Bh4+ 23. Kf1 Qg3 24. Nxh4 Qxh4 25. Qd2 Ne4 26. Qg2 Ng3+ 27. Kf2 Ne4+ 28. Ke2 Ng3+ 29. Kd3 Qf4 30. c3 e4+ 31. Kc2 d5 32. Nf1 e3 33. Nxg3 1-0

[Event "Montigny Autumn-C 17th"]
[Site "Montigny le Bretonneux"]
[Date "2018.10.22"]
[Round "3"]
[White "Ben Hamouda, Catherine"]
[Black "Rafalimanana, Hary"]
[Result "0-1"]
[WhiteElo "1010"]
[BlackElo "1399"]
[PlyCount "46"]
[EventDate "2018.10.20"]
[EventType "tourn"]
[EventRounds "8"]
[EventCountry "FRA"]
[SourceTitle "EXT 2020"]
[Source "ChessBase"]
[SourceDate "2019.10.17"]
[SourceVersion "1"]
[SourceVersionDate "2019.10.17"]
[SourceQuality "1"]

1. e4 e6 2. d4 e5 3. dxe5 d6 4. Nf3 Nc6 5. Bb5 Bd7 6. Bf4 a6 7. Bxc6 Bxc6 8. Nc3 f6 9. Nd4 Bd7 10. Qh5+ g6 11. Qh4 dxe5 12. Rd1 exf4 13. Qxf4 Bd6 14. Qd2 Qe7 15. 0-0 0-0-0 16. Rfe1 Qe5 17. g3 Bh3 18. Nf3 Qh5 19. Qd3 Ne7 20. e5 Bb4 21. Re4 Rxd3 22. Rxd3 f5 23. Rxb4 Qxf3 0-1